Quizzes
Events
Quiz Creation
Community
Videos
Private Events
Remove Ads
Sign In
Join for FREE
Feedback
Dark Mode
Quiz Categories
Sports
Geography
Music
Movies
Television
Just For Fun
Miscellaneous
History
Literature
Language
Science
Gaming
Entertainment
Religion
Holiday
For Kids
Quiz Lab
Recent
Popular Today
Quiz Kudos Today
Editor Picks
Curator Picks
Quizzes by...
Day
Popularity
Type
Ratings
Length
Year
Community
Subscriptions
Recent Discussions
Orange Saloon
Badges
Playlists
Quests
Create
Leaderboards
Showdown
Live 5
Trivia Bingo
Activity
Puzzle Library
Sporcle Events
Private Events
Virtual Trivia
Globe League
Become a Host
Pub Owners
SporcleCon
Opinionation
Our Games
Videos
Blog
Mobile Apps
Partnerships
Remove Ads and Go Orange
Feedback
Music
Pop Music
The Beatles
Song
Album
Lyrics
Bands
Singers
Artist
Clip
Rock
Rap
Classical
Billboard
Country Music
Kpop
Taylor Swift
Music
Pop Music
The Beatles
Song
Album
Lyrics
Bands
Singers
Artist
Clip
Rock
Rap
Classical
Billboard
Country Music
Kpop
Taylor Swift
Random Quiz
Search Sporcle
×
Quiz Lab
Quiz Lab
Music
America
Type in answers that appear in a list
Type in answers that appear in a list
Classic
Best Score? Go Orange.
Moment of Truth Lyrics Stats
Can you name the America's Founding Fathers
By
Aw42
10m
300 Questions
37 Plays
37 Plays
37 Plays
Comments
Comments
Give Quiz Kudos
Give Quiz Kudos
-
- Ratings
hide this ad
Replay
Link that replays current quiz
Next Quiz
Link to next quiz in quiz playlist
You Got
0%
They Got
Avg Score
40%
Avg Friend Score
Upgrade to see
Score Distribution
Jump to the score distribution portion of the page
Score
0/300
Timer
10:00
0
Plays Today
Answer
% Correct
we
86.5%
we
86.5%
your
83.8%
you
83.8%
you
83.8%
have
83.8%
a
83.8%
you
83.8%
a
83.8%
you
83.8%
the
83.8%
the
83.8%
you
83.8%
a
83.8%
your
83.8%
you
83.8%
the
83.8%
the
83.8%
the
83.8%
the
83.8%
the
83.8%
the
83.8%
the
83.8%
you
83.8%
you
83.8%
you
83.8%
you
83.8%
the
83.8%
and
83.8%
you
83.8%
yo
83.8%
you
83.8%
the
83.8%
a
83.8%
you
83.8%
you
83.8%
the
83.8%
you
83.8%
have
83.8%
a
83.8%
you
83.8%
a
83.8%
you
83.8%
a
83.8%
the
83.8%
you
83.8%
and
83.8%
your
83.8%
a
83.8%
a
83.8%
a
83.8%
a
83.8%
a
83.8%
a
83.8%
the
83.8%
the
83.8%
a
83.8%
you
83.8%
to
81.1%
me
81.1%
to
81.1%
to
81.1%
me
81.1%
to
81.1%
Here
78.4%
go
78.4%
again,
78.4%
prepare
78.4%
meet
78.4%
end.
78.4%
Just
78.4%
looked
78.4%
up
78.4%
on
78.4%
Facebook
78.4%
zero
78.4%
friends.
78.4%
just
78.4%
go
78.4%
up
78.4%
on
78.4%
just
78.4%
This
75.7%
kids
75.7%
loser,
75.7%
even
75.7%
even
75.7%
this
75.7%
even
75.7%
this
75.7%
an
73%
an
73%
haven't
48.6%
do
48.6%
i
45.9%
i
45.9%
i
45.9%
i
45.9%
i
45.9%
i
45.9%
Answer
% Correct
dont
43.2%
don't
43.2%
of
43.2%
of
43.2%
of
43.2%
be
43.2%
so
40.5%
like
40.5%
got
40.5%
like
40.5%
you're
40.5%
you're
40.5%
so
40.5%
you're
40.5%
so
40.5%
you're
40.5%
like
40.5%
you're
40.5%
you're
40.5%
like
40.5%
you're
40.5%
you're
40.5%
you're
40.5%
you're
40.5%
got
40.5%
bling
37.8%
bling
37.8%
should
37.8%
should
37.8%
back
37.8%
bling
37.8%
now
35.1%
has
35.1%
style
35.1%
saddle
35.1%
da
35.1%
now
35.1%
background
32.4%
wow
32.4%
off
32.4%
is
32.4%
without
32.4%
without
32.4%
without
32.4%
ranch
32.4%
without
32.4%
rap
32.4%
but
32.4%
ta
32.4%
out
32.4%
week
32.4%
off
32.4%
week
32.4%
taxi
32.4%
off
32.4%
is
32.4%
is
32.4%
but
32.4%
how
29.7%
am
29.7%
if
29.7%
battle
29.7%
snake
29.7%
rattle
29.7%
horse
29.7%
cattle
29.7%
with
29.7%
saw
29.7%
driving
29.7%
cab
29.7%
if
29.7%
bus
29.7%
served
29.7%
in
27%
sayin
27%
boat
27%
paddle
27%
think
27%
boy
27%
son
24.3%
can
24.3%
can
24.3%
extra
21.6%
hold
21.6%
house
21.6%
clean
21.6%
deserve
21.6%
might
21.6%
dragon.
18.9%
backup
18.9%
dancer
18.9%
wanna
18.9%
my
18.9%
burrito
18.9%
cross
18.9%
ride
18.9%
ceiling
18.9%
cash
18.9%
ride
18.9%
not
18.9%
Answer
% Correct
truth
18.9%
killed
16.2%
couldn't
16.2%
anything
16.2%
hand
16.2%
before
16.2%
street
16.2%
sneak
16.2%
man
16.2%
him
16.2%
him
16.2%
boos
16.2%
man
16.2%
are
16.2%
feelings
16.2%
hurt
16.2%
stack
16.2%
we'll
16.2%
airport
16.2%
at
16.2%
yourself
16.2%
phony
16.2%
bet
16.2%
were
16.2%
baller
13.5%
skidattle
13.5%
made
13.5%
days
13.5%
unicorns
13.5%
gettin
13.5%
maybe
13.5%
rip
13.5%
roof
13.5%
eldest
13.5%
know
13.5%
home
13.5%
baller
13.5%
whole
13.5%
crew
13.5%
bunche
13.5%
rent
13.5%
homies
13.5%
made
13.5%
post
10.8%
lightweight
10.8%
over
10.8%
darling
10.8%
mr
10.8%
flaxi
10.8%
pads
10.8%
sport
10.8%
drop
10.8%
george
10.8%
as
10.8%
tip
10.8%
playin
10.8%
his
10.8%
lies
10.8%
legendary
10.8%
till
10.8%
em
10.8%
hush
10.8%
johnnie
8.1%
some
8.1%
frontflips
8.1%
blow
8.1%
gust
8.1%
8
8.1%
while
8.1%
eating
8.1%
soup
8.1%
dial
8.1%
take
8.1%
washingtons
8.1%
solataire
8.1%
that
8.1%
si
8.1%
lord
8.1%
bluff
8.1%
bob
5.4%
walsh
5.4%
then
5.4%
y
5.4%
brah
5.4%
gots
5.4%
bustas
5.4%
quesy
5.4%
put
5.4%
tubeyou
5.4%
cud
5.4%
preaching
5.4%
people
5.4%
is i
2.7%
gogurt
2.7%
bleep
2.7%
devices
2.7%
because
2.7%
thy
2.7%
afro
2.7%
robertson
2.7%
Quiz Playlist
Details
Report
Send in Message
Add To Playlist
Classic:
Type in answers that appear in a list
Last Updated: Feb 16, 2017
Quiz Scoreboard
CHALLENGE
Sign Up to Join the Scoreboard
Show All
Scores
Hide
Comments
May contain spoilers
Recently Published
Popular People in 1961
by mucciniale
History
6m
1-10 Letter E Words III
by El_Dandy
Language
2m
One Thing in Common: World Cities II
by knightlancer
Geography
7m
More to Explore
Quiz From the Vault
Featured Blog Post
Where Did the Easter Bunny Come From?
hide this ad
You Might Also Like...
Tags
300
America
Father
Founding
moment
truth
Today's Top Quizzes in Music
Browse Music
hide this ad
Today's Top Quizzes in America
Browse America
Top Contributed Quizzes in Music
1
Taylor Swift All Songs (2024)
2
2010s Album by Cover III
3
One Thing in Common: Music
4
Taylor Swift Logic Puzzle
5
Guess the Artist- 70s Songs
6
2010s Album by Cover IV
7
Guess the Taylor Swift song (Mystery Song)
8
2010s Album by Cover V
9
Lana Del Rey Discography (BTD to DYKTTATUOB)
10
2010s Album by Cover VI
Explore More
Trending Topics
Kpop
Crossword
Marvel
Disney
Anime
Harry Potter
NBA
Country
Song
WWE
Soccer
The Office
NFL
Puzzle
Pokémon
hide this ad
More By:
Aw42
Quiz
Plays
Rating
Category
Featured
Created
Best soccer players 2015
139
1.00
Sports
Aug 16, 2015
Pick the Poopstains
48
1.00
Entertainment
Nov 7, 2014
Peter17$ terms
40
3.00
Miscellaneous
Jul 22, 2014
Moment of Truth Lyrics
37
Music
May 16, 2014
answer
23
2.33
Entertainment
May 17, 2014
Go to Creator's Profile
Score Distribution
Quiz Creator Spotlight
Aw42
Follow
Send a Message
Quizzes Created
-
Created Quiz Play Count
-
More By This Creator
Popular Quizzes Today
1
Find the US States - No Outlines Minefield
2
Find the Countries of Europe - No Outlines Minefield
3
The Countries of the World
4
Popular People in 1961
5
1-10 Letter E Words III
6
Find the US States
7
US States
8
One Thing in Common: World Cities II
More Music Quizzes
3 Music Threesomes
Published
Trending Quizzes
Risky Map Clicking: Least Populous States A-Z
1-10 Letter F Words
1-10 Letter G Words
One Thing in Common: United Kingdom
Risky Map Clicking: Next State Alphabetically
Recently Updated
Leaping Animals
pecheneg
Reality TV Shows (A-Z)
bhenderson79
Rickey Henderson's Hall of Fame Teammates
pecheneg
Champions League XIs: Arsenal
pecheneg
Quick Pick: Celebrities in WWE's Hall of Fame
aduchscher
A-Z Keypad Blitz II
pecheneg
Multiple Oscar Actors
pecheneg
Mystery Phrase Blitz: Oscar 'Best Actors'
pecheneg
F. Scott Fitzgerald Novels
LTH
Pick 3 Villains
ddd62291
Trending Topics
NBA
Kpop
Marvel
Anime
Crossword
Harry Potter
Disney
Song
Soccer
WWE
Puzzle
Country
The Office
Pokémon
NFL
Your Account Isn't Verified!
In order to create a playlist on Sporcle, you need to verify the email address you used during registration. Go to your
Sporcle Settings
to finish the process.
Report this User
Report this user for behavior that violates our
Community Guidelines
.
Details:
Send Report
Go to the Sporcle.com Mobile Site →
Comments